000 00568nam a22001457a 4500
005 20250207172158.0
008 241109b |||||||| |||| 00| 0 eng d
100 _aGardi, Balazs.
_eauthor.
_963510
245 _aWardak province, Afghanistan :
_broad to the future? /
_cBalazs Gardi.
260 _aWashington ;
_bNational Geographic Partners, LLC.,
_cDecember 2022.
300 _avolume 241, pages 120-121,
_billustration.
500 _aNational Geographic, v. 242, n. 12, pages 1220-121, December 2022.
700 _aGardi, Balazs.
_eauthor.
_963871
942 _2ddc
_cPER
999 _c23125
_d23125